Building a second brain : (Record no. 9920)

MARC details
000 -LEADER
fixed length control field 01524cam a2200325 i 4500
001 - CONTROL NUMBER
control field 9920
003 - CONTROL NUMBER IDENTIFIER
control field FISKH
005 - DATE AND TIME OF LATEST TRANSACTION
control field 20260317090646.0
008 - FIXED-LENGTH DATA ELEMENTS--GENERAL INFORMATION
fixed length control field 211208s2022 nyua b 001 0 eng
010 ## - LIBRARY OF CONGRESS CONTROL NUMBER
LC control number 2021057378
020 ## - INTERNATIONAL STANDARD BOOK NUMBER
International Standard Book Number 9781982167387
Qualifying information (hardcover)
020 ## - INTERNATIONAL STANDARD BOOK NUMBER
International Standard Book Number 9781982167394
Qualifying information (paperback)
020 ## - INTERNATIONAL STANDARD BOOK NUMBER
Canceled/invalid ISBN 9781982167400
Qualifying information (ebook)
035 ## - SYSTEM CONTROL NUMBER
System control number 22338086
040 ## - CATALOGING SOURCE
Original cataloging agency DLC
Language of cataloging eng
Description conventions rda
Transcribing agency DLC
Modifying agency DLC
050 00 - LIBRARY OF CONGRESS CALL NUMBER
Classification number BF408
Item number .F67 2022
082 00 - DEWEY DECIMAL CLASSIFICATION NUMBER
Classification number 153.3/5
Edition number 23/eng/20211208
100 1# - MAIN ENTRY--PERSONAL NAME
Personal name Forte, Tiago,
Relator term author.
245 10 - TITLE STATEMENT
Title Building a second brain :
Remainder of title a proven method to organize your digital life and unlock your creative potential /
Statement of responsibility, etc. Tiago Forte.
260 ## - PUBLICATION, DISTRIBUTION, ETC.
Place of publication, distribution, etc. New York :
Name of publisher, distributor, etc. Atria Books,
Date of publication, distribution, etc. 2022
300 ## - PHYSICAL DESCRIPTION
Extent 260 pages :
Other physical details illustrations ;
Dimensions 24 cm
504 ## - BIBLIOGRAPHY, ETC. NOTE
Bibliography, etc. note Includes bibliographical references and index.
520 ## - SUMMARY, ETC.
Summary, etc. "Building a Second Brain is Getting Things Done for the digital age. It's a revolutionary new productivity method for consuming, synthesizing, and remembering the vast amount of information we take in, allowing us to become more effective and creative and harness the unprecedented amount of technology we have at our disposal"--
Assigning source Provided by publisher.
650 #0 - SUBJECT ADDED ENTRY--TOPICAL TERM
Topical term or geographic name entry element Creative ability.
650 #0 - SUBJECT ADDED ENTRY--TOPICAL TERM
Topical term or geographic name entry element Thought and thinking.
776 08 - ADDITIONAL PHYSICAL FORM ENTRY
Relationship information Online version:
Main entry heading Forte, Tiago.
Title Building a second brain.
Edition First Atria Books hardcover edition.
Place, publisher, and date of publication New York : Atria Books, 2022
International Standard Book Number 9781982167400
Record control number (DLC) 2021057379
906 ## - LOCAL DATA ELEMENT F, LDF (RLIN)
a 7
b cbc
c orignew
d 1
e ecip
f 20
g y-gencatlg
942 ## - ADDED ENTRY ELEMENTS (KOHA)
Source of classification or shelving scheme Dewey Decimal Classification
Koha item type Books
Suppress in OPAC No
Holdings
Withdrawn status Lost status Source of classification or shelving scheme Damaged status Not for loan Collection Home library Current library Shelving location Date acquired Total Checkouts Full call number Barcode Date last seen Copy number Price effective from Koha item type
    Dewey Decimal Classification     Non-Fiction Footprints International School Library Network Toul Kork Campus Footprints International School Library Network Toul Kork Campus A TK Campus, 4th Floor, Room B401, Non-Fiction Bookcases(7-8) 03/17/2026   FOR 153.3 BF408 .F67 2026-0323 04/28/2026 1 03/17/2026 Books